Loading...
| Fine Arts - Classical Music | 0 | 5 | 0 | 3 | 50 | 63 | 116.40 | 0 | 0 |
| Literature - World/Other Literature | 0 | 5 | 0 | 0 | 50 | 69 | 95.80 | 1 | 2 |
| Science - Physics | 0 | 4 | 0 | 1 | 40 | 58 | 80.00 | 0 | 2 |
| Literature - British Literature | 0 | 4 | 1 | 1 | 35 | 101 | 116.25 | 0 | 1 |
| Fine Arts - Visual Fine Arts | 0 | 3 | 1 | 0 | 25 | 94 | 104.33 | 0 | 0 |
| Literature - European Literature | 0 | 3 | 2 | 1 | 20 | 95 | 115.33 | 0 | 2 |
| Literature - American Literature | 0 | 2 | 1 | 0 | 15 | 108 | 111.50 | 0 | 1 |
| Mythology | 0 | 1 | 0 | 0 | 10 | 114 | 114.00 | 0 | 0 |
| History - American History | 0 | 1 | 0 | 0 | 10 | 86 | 86.00 | 0 | 0 |
| Social Science | 0 | 1 | 0 | 0 | 10 | 49 | 49.00 | 0 | 1 |
| Science - Other Science | 0 | 1 | 0 | 0 | 10 | 125 | 125.00 | 0 | 0 |
| Philosophy | 0 | 1 | 2 | 0 | 0 | 78 | 78.00 | 0 | 0 |
| Science - Chemistry | 0 | 0 | 1 | 0 | -5 | 0.00 | 0 | 0 | |
| History - Other History | 0 | 0 | 1 | 0 | -5 | 0.00 | 0 | 0 | |
| Religion | 0 | 0 | 2 | 0 | -10 | 0.00 | 0 | 0 | |
| Fine Arts - Other Fine Arts | 0 | 0 | 2 | 0 | -10 | 0.00 | 0 | 0 |